00000000cas 2200000zi 4500
0019.931900
003CaOODSP
00520251222141923
006m     o  d f      
007cr cn ||||||||
008240102c20239999bccar p o    f0   b0fre|d
022 |a2818-9930
040 |aCaOODSP|bfre|erda|cCaOODSP
043 |an-cn---|an-cn-bc
0861 |aIu97-1/9F-PDF
1101 |aCanada. |bDéveloppement économique Canada pour le Pacifique, |eauteur, |eorganisme de publication.
222 0|aPlan sur l'accessibilité, rapport d'avancement annuel |b(Canada. Développement économique Canada pour le Pacifique)
24510|aPlan sur l'accessibilité, rapport d'avancement annuel / |cPacifiCan.
264 1|aVancouver (Colombie-Britannique) : |bDéveloppement économique Canada pour le Pacifique = Pacific Economic Development Canada, |c[2023]-
310 |aAnnuel
336 |atexte|btxt|2rdacontent/fre
337 |ainformatique|bc|2rdamedia/fre
338 |aressource en ligne|bcr|2rdacarrier/fre
3621 |aParaît depuis : Décembre 2023.
500 |aPublié aussi en anglais sous le titre : Accessibility plan, annual progress report.
588 |aDescription d'après : Décembre 2023.
588 |aDernière livraison consultée : Décembre 2024.
61016|aCanada. |bDéveloppement économique Canada pour le Pacifique|xPlanification|vPériodiques.
650 6|aAccessibilité aux personnes handicapées|zCanada|xPlanification|vPériodiques.
650 6|aAccessibilité aux personnes handicapées|zColombie-Britannique|xPlanification|vPériodiques.
650 6|aPersonnes handicapées|xPolitique gouvernementale|zCanada|vPériodiques.
650 6|aPersonnes handicapées|xPolitique gouvernementale|zColombie-Britannique|vPériodiques.
655 7|aPériodiques|2rvmgf
77508|tAccessibility plan, annual progress report / |w(CaOODSP)9.931899